[Event "HUN Team League Csongrad Region 2019–2"]
[Site "Csongrád County"]
[Date "2019.09.29"]
[Round "1.1"]
[White "Tubak, Daniel"]
[Black "Megyaszai, Balazs"]
[Result "1-0"]
[WhiteElo "2219"]
[BlackElo "1894"]
[PlyCount "105"]
[EventDate "2019.09.29"]
[WhiteTeam "Maróczy III."]
[BlackTeam "Maróczy IV."]

1. c4 e6 2. g3 d5 3. Bg2 Nf6 4. Nf3 Be7 5. b3 O-O 6. Bb2 b6 7. O-O Bb7 8. Ne5
Nbd7 9. f4 Rc8 10. e3 c5 11. d3 Ba8 12. Nd2 Re8 13. Ndf3 Nf8 14. Ng5 Qc7 15.
Ngxf7 N8d7 16. Nxd7 Qxd7 17. Ne5 Qc7 18. Qe2 Rcd8 19. Rad1 Bb7 20. Bh3 Bc8 21.
g4 Nd7 22. g5 Nxe5 23. Bxe5 Bd6 24. Bxd6 Qxd6 25. e4 d4 26. f5 exf5 27. Bxf5
Re5 28. Qg4 Qe7 29. h4 Bb7 30. Qg3 Qd6 31. Rf3 Rde8 32. Rdf1 Qd8 33. Bh3 R5e7
34. Qf4 Bc8 35. Bxc8 Qxc8 36. Qf5 Qxf5 37. Rxf5 Re6 38. Rf7 R6e7 39. Rxe7 Rxe7
40. Rf5 Re6 41. Kf2 Re7 42. Kf3 Re6 43. Kf4 Re7 44. e5 Re8 45. Ke4 Rd8 46. e6
Re8 47. Ke5 Re7 48. Kd6 Re8 49. Kd7 Rb8 50. e7 Rb7+ 51. Kd6 Rb8 52. Kc7 Ra8 53.
Kd7 1-0

[Event "HUN Team League Csongrad Region 2019–2"]
[Site "Csongrád County"]
[Date "2019.09.29"]
[Round "1.1"]
[White "Tenk, Zoltan"]
[Black "Kelemen, David"]
[Result "0-1"]
[WhiteElo "1882"]
[BlackElo "2166"]
[PlyCount "82"]
[EventDate "2019.09.29"]
[WhiteTeam "Maróczy IV."]
[BlackTeam "Maróczy III."]

1. d4 Nf6 2. c4 g6 3. Nc3 Bg7 4. e4 d6 5. Nf3 O-O 6. Be2 e5 7. dxe5 dxe5 8. O-O
Nbd7 9. Qc2 c6 10. b3 Re8 11. Bb2 Nh5 12. g3 Bf6 13. Rad1 Ng7 14. Rd2 Qa5 15.
Rfd1 Nf8 16. a3 Bg4 17. b4 Qc7 18. c5 Nge6 19. Na4 h5 20. Kg2 h4 21. h3 Bxf3+
22. Bxf3 Nd4 23. Bxd4 exd4 24. Qd3 Rad8 25. Nb2 Ne6 26. Nc4 Re7 27. Re1 b5 28.
cxb6 axb6 29. e5 Bg5 30. Rde2 c5 31. b5 Ng7 32. Bc6 hxg3 33. fxg3 Nf5 34. Be4
Ne3+ 35. Kh2 Kg7 36. Nd2 c4 37. Qb1 Qxe5 38. Nf3 Qc5 39. Nxg5 Qxg5 40. Bf3 d3
41. Rd2 Ng4+ 0-1

[Event "HUN Team League Csongrad Region 2019–2"]
[Site "Csongrád County"]
[Date "2019.09.29"]
[Round "1.1"]
[White "Linczer, Janos"]
[Black "Lakatos, Alfred"]
[Result "1-0"]
[WhiteElo "2049"]
[BlackElo "1570"]
[PlyCount "67"]
[EventDate "2019.09.29"]
[WhiteTeam "Maróczy III."]
[BlackTeam "Maróczy IV."]

1. e4 c6 2. d4 d5 3. e5 Bf5 4. Ne2 h6 5. Ng3 Qc8 6. Bd3 Bxd3 7. Qxd3 e6 8. O-O
Nd7 9. f4 c5 10. c3 cxd4 11. cxd4 Qc4 12. Qd1 Rc8 13. Nc3 Ne7 14. Be3 Nf5 15.
Nxf5 exf5 16. Rc1 Nb6 17. Qf3 Rd8 18. b3 Qa6 19. a4 Qa5 20. Nb5 a6 21. Nc7+ Kd7
22. Bf2 Rc8 23. Be1 Bb4 24. Rc5 Qxc5 25. dxc5 Bxc5+ 26. Kh1 Rxc7 27. Ba5 Rc6
28. b4 Bxb4 29. Bxb4 Rhc8 30. a5 Nc4 31. Qxd5+ Ke8 32. Rd1 R6c7 33. e6 f6 34.
Qd7+ 1-0

[Event "HUN Team League Csongrad Region 2019–2"]
[Site "Csongrád County"]
[Date "2019.09.29"]
[Round "1.1"]
[White "Gyemant, Karoly"]
[Black "Borus, Andras"]
[Result "0-1"]
[WhiteElo "1599"]
[BlackElo "2018"]
[PlyCount "62"]
[EventDate "2019.09.29"]
[WhiteTeam "Maróczy IV."]
[BlackTeam "Maróczy III."]

1. e4 e5 2. Bc4 Nf6 3. d3 Nc6 4. Nf3 Be7 5. Ng5 O-O 6. Nxf7 Rxf7 7. Bxf7+ Kxf7
8. O-O Kg8 9. c4 d6 10. h3 Qe8 11. f4 exf4 12. Bxf4 Qg6 13. Qf3 Nd4 14. Qf2
Bxh3 15. Nc3 Ne6 16. Bh2 a6 17. Qg3 Bg4 18. Nd5 Nxd5 19. cxd5 Nd4 20. Kh1 Bf6
21. Rf4 h5 22. Rf2 Re8 23. Qe3 Nb5 24. Qd2 Nd4 25. Rc1 Bg5 26. Qc3 Ne2 27. Qxc7
Nxc1 28. Bxd6 Nxd3 29. Bg3 Nxf2+ 30. Bxf2 Qxe4 31. d6 Bh3 0-1

[Event "HUN Team League Csongrad Region 2019–2"]
[Site "Csongrád County"]
[Date "2019.09.29"]
[Round "1.1"]
[White "Kocsmar, Akos"]
[Black "Kis, Izabella"]
[Result "1-0"]
[WhiteElo "1916"]
[BlackElo "1523"]
[PlyCount "133"]
[EventDate "2019.09.29"]
[WhiteTeam "Maróczy III."]
[BlackTeam "Maróczy IV."]

1. d4 d5 2. c4 e6 3. Nc3 Nf6 4. Nf3 b6 5. Bg5 Be7 6. cxd5 exd5 7. Qb3 Bb7 8. e3
O-O 9. Bxf6 Bxf6 10. Bd3 Re8 11. O-O c6 12. Qc2 g6 13. b4 b5 14. a4 Na6 15.
Rfb1 Qd6 16. Qb3 Be7 17. Na2 Nc7 18. Nc3 a6 19. Be2 Bf6 20. Qc2 Bg7 21. Bd3 Ne6
22. h4 Nf8 23. e4 dxe4 24. Nxe4 Qd5 25. Nc5 Rab8 26. Be4 Qd6 27. Nxb7 Rxb7 28.
Qxc6 Rd7 29. axb5 axb5 30. Ra5 Re6 31. Qxd6 Rdxd6 32. Bd3 Bxd4 33. Bxb5 Bb6 34.
Ra2 Nd7 35. Bc4 Rf6 36. Re2 Rf4 37. Ba2 Nf6 38. Ne5 Nd5 39. g3 Rd4 40. Bxd5
R6xd5 41. Rbb2 Bc7 42. Nc6 Rd1+ 43. Kg2 Rb5 44. Re4 Rd6 45. Rc4 Kf8 46. Ra2 Kg7
47. Na7 Rb7 48. Rxc7 Rxc7 49. Nb5 Rdc6 50. Nxc7 Rxc7 51. Kf3 Kf6 52. Rb2 Ke5
53. b5 Kd5 54. b6 Rb7 55. Kf4 f6 56. f3 Kc6 57. Ke4 Rxb6 58. Rxb6+ Kxb6 59. Kd5
Kc7 60. Ke6 f5 61. Kf7 Kd6 62. Kg7 Ke5 63. Kxh7 Kf6 64. Kh6 f4 65. gxf4 Kf5 66.
Kg7 g5 67. fxg5 1-0

[Event "HUN Team League Csongrad Region 2019–2"]
[Site "Csongrád County"]
[Date "2019.09.29"]
[Round "1.1"]
[White "Blazsik, Zoltan"]
[Black "Veres, Sandor"]
[Result "1/2-1/2"]
[WhiteElo "1663"]
[BlackElo "1479"]
[PlyCount "34"]
[EventDate "2019.09.29"]
[WhiteTeam "Maróczy III."]
[BlackTeam "Maróczy IV."]

1. e4 e6 2. d4 d5 3. e5 c5 4. c3 Nc6 5. Nf3 h6 6. Bd3 Bd7 7. O-O Qb6 8. Bc2
cxd4 9. cxd4 Rc8 10. Nc3 Qc7 11. a3 a6 12. Re1 Na5 13. Bd3 b5 14. Bd2 Nc4 15.
Bxc4 bxc4 16. Qe2 Ne7 17. Rac1 Qb6 1/2-1/2

[Event "HUN Team League Csongrad Region 2019–2"]
[Site "Csongrád County"]
[Date "2019.09.29"]
[Round "1.1"]
[White "Koszo, Ferenc"]
[Black "Vadkerti, Vince"]
[Result "1/2-1/2"]
[WhiteElo "1380"]
[BlackElo "1617"]
[PlyCount "142"]
[EventDate "2019.09.29"]
[WhiteTeam "Maróczy IV."]
[BlackTeam "Maróczy III."]

1. d4 d5 2. c4 e6 3. cxd5 exd5 4. Bf4 c6 5. a3 Nf6 6. Nc3 Be7 7. Nf3 Nbd7 8.
Ne5 O-O 9. h3 Nxe5 10. Bxe5 Bd6 11. Bxd6 Qxd6 12. e3 Bf5 13. Bd3 Bxd3 14. Qxd3
Rfe8 15. O-O Re6 16. Ne2 Ne4 17. Rae1 Rae8 18. Nf4 Rf6 19. Qe2 Ng5 20. Qg4 Ne6
21. Nxe6 Rexe6 22. f4 Rg6 23. Qf5 Qd8 24. Qc2 Re4 25. Rf3 Qe7 26. Qf2 f5 27.
Rg3 Rge6 28. Qd2 Rxf4 29. Rf1 Rxf1+ 30. Kxf1 c5 31. dxc5 Qxc5 32. b4 Qc4+ 33.
Kg1 Rc6 34. Kh2 Rd6 35. Qb2 d4 36. Qf2 dxe3 37. Rxe3 Qc7 38. g3 Qd7 39. Qa2+
Kf8 40. Re2 Rh6 41. Rf2 g5 42. Rd2 Rd6 43. Rf2 Rd3 44. Qb2 Qd4 45. Rxf5+ Ke7
46. Qxd4 Rxd4 47. Rxg5 Kf6 48. Ra5 a6 49. h4 Rd2+ 50. Kh3 Kg6 51. h5+ Kf6 52.
g4 Rd6 53. g5+ Kg7 54. Kg4 b5 55. Kf5 Rd5+ 56. Kf4 h6 57. gxh6+ Kxh6 58. Rxa6+
Kxh5 59. Ra5 Kg6 60. Ke4 Rh5 61. Kd4 Rf5 62. a4 bxa4 63. Rxa4 Kf7 64. Ra6 Ke7
65. Kc4 Kd7 66. b5 Kc7 67. Kb4 Kb7 68. Ka5 Rf1 69. Kb4 Rb1+ 70. Kc4 Rc1+ 71.
Kd5 Rb1 1/2-1/2

[Event "HUN Team League Csongrad Region 2019–2"]
[Site "Csongrád County"]
[Date "2019.09.29"]
[Round "1.2"]
[White "Tornyai, Jeno"]
[Black "Hajdu, Istvan"]
[Result "1/2-1/2"]
[WhiteElo "1790"]
[BlackElo "1787"]
[PlyCount "119"]
[EventDate "2019.09.29"]
[WhiteTeam "Maróczy V."]
[BlackTeam "Szentes II."]

1. d4 Nc6 2. e4 e5 3. Nf3 exd4 4. Nxd4 Nf6 5. Nc3 Bb4 6. Nxc6 bxc6 7. Bd3 d5 8.
e5 Ng4 9. Bf4 f6 10. h3 Nxe5 11. Bxe5 Qe7 12. Qh5+ Kd8 13. f4 fxe5 14. fxe5 Bd6
15. O-O-O Qxe5 16. Qh4+ Qf6 17. Qxf6+ gxf6 18. Rhf1 Be5 19. g4 h5 20. Bf5 Bxf5
21. Rxf5 hxg4 22. hxg4 Rg8 23. Ne4 Ke7 24. Nxf6 Bxf6 25. Re1+ Kd7 26. Rxf6 Rxg4
27. Rf7+ Kd6 28. b3 Re4 29. Rh1 Rae8 30. Rh6+ R8e6 31. Rh8 Re8 32. Rf6+ Kd7 33.
Rh7+ R4e7 34. Rh4 Re4 35. Rh7+ R8e7 36. Rh8 Re2 37. Ra8 Rh2 38. Rff8 c5 39.
Rfd8+ Kc6 40. Re8 Rg7 41. Rg8 Rxg8 42. Rxg8 Kb5 43. Rb8+ Kc6 44. a4 d4 45. Rd8
Rh6 46. Kd2 Rh2+ 47. Kd3 Rh3+ 48. Kd2 Rc3 49. Rh8 Kb6 50. Rb8+ Kc6 51. Rh8 Re3
52. Rh6+ Kb7 53. Rh5 Kb6 54. Rg5 Rc3 55. Rg6+ Ka5 56. Rc6 c4 57. Rxc7 cxb3 58.
Rxc3 dxc3+ 59. Kxc3 bxc2 60. Kxc2 1/2-1/2

[Event "HUN Team League Csongrad Region 2019–2"]
[Site "Csongrád County"]
[Date "2019.09.29"]
[Round "1.2"]
[White "Cs. Kovacs, Laszlo"]
[Black "Puskas, Mihaly"]
[Result "1-0"]
[WhiteElo "1797"]
[BlackElo "1473"]
[PlyCount "55"]
[EventDate "2019.09.29"]
[WhiteTeam "Szentes II."]
[BlackTeam "Maróczy V."]

1. Nf3 d5 2. g3 Nc6 3. Bg2 e5 4. d3 Bf5 5. a3 Nf6 6. O-O Qd7 7. b4 Bh3 8. b5
Nd8 9. Nxe5 Qe6 10. f4 Bxg2 11. Kxg2 Bc5 12. e3 h5 13. h3 Nd7 14. Nxd7 Qxd7 15.
Qf3 c6 16. Bb2 f6 17. e4 d4 18. bxc6 bxc6 19. Nd2 f5 20. exf5 Qxf5 21. Rfe1+
Kd7 22. Re5 Qf8 23. Nc4 h4 24. g4 Nf7 25. Rae1 Bd6 26. Re6 c5 27. Qb7+ Kd8 28.
Qxa8+ 1-0

[Event "HUN Team League Csongrad Region 2019–2"]
[Site "Csongrád County"]
[Date "2019.09.29"]
[Round "1.2"]
[White "Keller, Peter"]
[Black "Lovaszi, Szabolcs"]
[Result "0-1"]
[WhiteElo "1420"]
[BlackElo "1699"]
[PlyCount "24"]
[EventDate "2019.09.29"]
[WhiteTeam "Maróczy V."]
[BlackTeam "Szentes II."]

1. d4 g6 2. Bf4 Bg7 3. e3 Nf6 4. Nf3 d6 5. h3 O-O 6. Bd3 Re8 7. Nbd2 Nc6 8. Bg3
e5 9. dxe5 dxe5 10. e4 Nh5 11. Bh4 f6 12. c3 Qxd3 0-1

[Event "HUN Team League Csongrad Region 2019–2"]
[Site "Csongrád County"]
[Date "2019.09.29"]
[Round "1.2"]
[White "Balatoni, Gyorgy"]
[Black "Szamko, Balint"]
[Result "1-0"]
[WhiteElo "1663"]
[BlackElo "1129"]
[PlyCount "79"]
[EventDate "2019.09.29"]
[WhiteTeam "Szentes II."]
[BlackTeam "Maróczy V."]

1. c4 e5 2. Nc3 Nc6 3. Nf3 d6 4. g3 Nge7 5. Bg2 d5 6. cxd5 Nxd5 7. O-O Nxc3 8.
dxc3 Qxd1 9. Rxd1 Bc5 10. Nd2 O-O 11. Ne4 Bb6 12. b3 Bf5 13. Bb2 Bxe4 14. Bxe4
Rfd8 15. Bxc6 bxc6 16. e4 Rxd1+ 17. Rxd1 h6 18. a4 a5 19. c4 c5 20. Bxe5 c6 21.
f3 Rd8 22. Rxd8+ Bxd8 23. Bd6 Bb6 24. e5 f6 25. f4 fxe5 26. fxe5 Kf7 27. Kf2 g6
28. Ke3 Ke6 29. Ke4 Ba7 30. g4 Bb6 31. h3 Bd8 32. Bxc5 Bc7 33. Bd4 Bd8 34. Bc3
c5 35. Be1 Bc7 36. h4 Bxe5 37. Bxa5 h5 38. gxh5 gxh5 39. Be1 Bf6 40. a5 1-0

[Event "HUN Team League Csongrad Region 2019–2"]
[Site "Csongrád County"]
[Date "2019.09.29"]
[Round "1.2"]
[White "Korosi, Zsombor"]
[Black "Kozak, Janos"]
[Result "1-0"]
[WhiteElo "1121"]
[BlackElo "1510"]
[PlyCount "95"]
[EventDate "2019.09.29"]
[WhiteTeam "Maróczy V."]
[BlackTeam "Szentes II."]

1. e4 Nf6 2. Nc3 d5 3. exd5 Nxd5 4. Nxd5 Qxd5 5. Nf3 e5 6. d3 c5 7. c4 Qd6 8.
Be2 Be7 9. O-O O-O 10. Nd2 f5 11. b3 Nc6 12. Bb2 Nd4 13. Nf3 b6 14. Nxd4 cxd4
15. Bf3 Rb8 16. Qe2 Bb7 17. Bxb7 Rxb7 18. Rfe1 Bf6 19. a4 Re7 20. Ba3 Qd7 21.
Bxe7 Qxe7 22. Qf3 Re8 23. Qxf5 Qb4 24. Rab1 Qd6 25. f4 g6 26. Qe4 Kg7 27. fxe5
Bxe5 28. Kh1 Re7 29. Qd5 Qf6 30. g3 h5 31. Rf1 Qg5 32. Rbe1 Kh6 33. Qg2 Kg7 34.
h4 Qg4 35. Re4 Qd7 36. Qf3 Qe6 37. Rfe1 Qh3+ 38. Kg1 Rf7 39. Qg2 Qxg3 40. Rxe5
Qxh4 41. R5e4 Qd8 42. Rf1 Rxf1+ 43. Qxf1 Qg5+ 44. Qg2 Qc1+ 45. Kh2 Qd1 46. Rxd4
Qxb3 47. Rd7+ Kf8 48. Qa8# 1-0

[Event "HUN Team League Csongrad Region 2019–2"]
[Site "Csongrád County"]
[Date "2019.09.29"]
[Round "1.2"]
[White "Bartha, Levente"]
[Black "Puskas, Gergely"]
[Result "1-0"]
[WhiteElo "1531"]
[BlackElo "1064"]
[PlyCount "147"]
[EventDate "2019.09.29"]
[WhiteTeam "Szentes II."]
[BlackTeam "Maróczy V."]

1. e4 e5 2. Nf3 d6 3. Bc4 Be6 4. Bb3 Bxb3 5. axb3 Nf6 6. Nc3 Nc6 7. d3 Nd4 8.
Nxd4 exd4 9. Ne2 c5 10. Bg5 h6 11. Bxf6 Qxf6 12. Qd2 Qd8 13. Nf4 Be7 14. Nd5
O-O 15. Qa5 b6 16. Qa6 Bf6 17. Qb7 Qb8 18. Qxb8 Raxb8 19. Rxa7 Ra8 20. Ra3 Rxa3
21. bxa3 Ra8 22. Nxb6 Rxa3 23. Rf1 Ra1+ 24. Ke2 Ra6 25. Nd5 Bd8 26. f4 Ra2 27.
Rc1 Ba5 28. Kd1 Bb4 29. Nxb4 cxb4 30. Kd2 Kf8 31. Rf1 Ra5 32. g4 g6 33. Re1 f6
34. f5 gxf5 35. gxf5 Kf7 36. Rg1 Ra8 37. Rg6 Rh8 38. h4 h5 39. Kc1 Rh7 40. Kb2
Rh8 41. Rg1 Ra8 42. Ra1 Rb8 43. Ra7+ Ke8 44. Rh7 Rd8 45. Rxh5 Rd7 46. Rh8+ Kf7
47. Rh7+ Ke8 48. Rxd7 Kxd7 49. Kc1 Ke8 50. Kd2 Kf7 51. Ke2 Kg7 52. Kf3 Kf8 53.
Kg4 Kg8 54. Kh5 Kh7 55. Kg4 Kh6 56. Kf4 Kh7 57. e5 dxe5+ 58. Ke4 Kh6 59. Kd5
Kh5 60. Ke6 Kxh4 61. Kxf6 Kh5 62. Kxe5 Kg5 63. Ke6 Kh6 64. Ke7 Kh7 65. f6 Kg8
66. f7+ Kh7 67. f8=Q Kg6 68. Qf6+ Kh5 69. Qg7 Kh4 70. Kf6 Kh3 71. Kf5 Kh2 72.
Kf4 Kh1 73. Kf3 Kh2 74. Qg2# 1-0

[Event "HUN Team League Csongrad Region 2019–2"]
[Site "Csongrád County"]
[Date "2019.09.29"]
[Round "1.3"]
[White "Adok, Janos"]
[Black "Gyugyi, Peter"]
[Result "1-0"]
[WhiteElo "2197"]
[BlackElo "1983"]
[PlyCount "67"]
[EventDate "2019.09.29"]
[WhiteTeam "Vásárhely"]
[BlackTeam "Üllés"]

1. c4 f5 2. Nf3 Nf6 3. d4 d6 4. Nc3 g6 5. Bg5 Nbd7 6. Qa4 c6 7. e3 Bg7 8. Rd1
Qc7 9. Be2 O-O 10. Qb3 Kh8 11. h4 h5 12. Qc2 e5 13. dxe5 dxe5 14. e4 f4 15. b4
a5 16. a3 axb4 17. axb4 Ng4 18. O-O Re8 19. c5 Nf8 20. Bc4 Be6 21. Qb3 b5 22.
Bxe6 Rxe6 23. Rd3 Qa7 24. Rfd1 Qa3 25. Qb1 Qa7 26. Bd8 Bf6 27. Ng5 Rxd8 28.
Rxd8 Bxd8 29. Rxd8 Rf6 30. Qb2 Qe7 31. Qd2 Kg7 32. Ra8 Ne6 33. Qa2 Nc7 34. Qg8+
1-0

[Event "HUN Team League Csongrad Region 2019–2"]
[Site "Csongrád County"]
[Date "2019.09.29"]
[Round "1.3"]
[White "Szabo, Zoltan"]
[Black "Abraham, Zoltan"]
[Result "1/2-1/2"]
[WhiteElo "1789"]
[BlackElo "1817"]
[PlyCount "32"]
[EventDate "2019.09.29"]
[WhiteTeam "Üllés"]
[BlackTeam "Vásárhely"]

1. e4 d5 2. exd5 Qxd5 3. Nc3 Qd8 4. d4 Bf5 5. Nge2 e6 6. Ng3 Bg6 7. Be3 Nf6 8.
Bd3 c6 9. O-O Bd6 10. Nge4 Nxe4 11. Nxe4 Bc7 12. Nc5 b6 13. Nb3 Nd7 14. f4 Bxd3
15. Qxd3 Nf6 16. Rad1 Qd7 1/2-1/2

[Event "HUN Team League Csongrad Region 2019–2"]
[Site "Csongrád County"]
[Date "2019.09.29"]
[Round "1.3"]
[White "Markus, Molli Amina"]
[Black "Papp, Zoltan"]
[Result "1/2-1/2"]
[WhiteElo "1614"]
[BlackElo "1841"]
[PlyCount "57"]
[EventDate "2019.09.29"]
[WhiteTeam "Vásárhely"]
[BlackTeam "Üllés"]

1. c4 c6 2. Nc3 Nf6 3. d4 d5 4. cxd5 cxd5 5. Nf3 Nc6 6. Bf4 e6 7. e3 Bd6 8.
Bxd6 Qxd6 9. Be2 O-O 10. O-O a6 11. a4 Qb4 12. Qc2 Bd7 13. Bd3 g6 14. Ne2 Rac8
15. Qd2 Rc7 16. Rfd1 Rfc8 17. Qxb4 Nxb4 18. Nc3 Kg7 19. h3 Nxd3 20. Rxd3 Ne4
21. Ne5 Nd6 22. Nxd7 Rxd7 23. b4 Rdc7 24. Ra3 Nc4 25. Rb3 h5 26. Ne2 Nd6 27.
Nc3 Nc4 28. Ne2 Nd6 29. Nc3 1/2-1/2

[Event "HUN Team League Csongrad Region 2019–2"]
[Site "Csongrád County"]
[Date "2019.09.29"]
[Round "1.3"]
[White "Gera, Mihaly"]
[Black "Torok, Csaba"]
[Result "0-1"]
[WhiteElo "1808"]
[BlackElo "1649"]
[PlyCount "106"]
[EventDate "2019.09.29"]
[WhiteTeam "Üllés"]
[BlackTeam "Vásárhely"]

1. e4 c5 2. Nf3 Nc6 3. d4 cxd4 4. Nxd4 g6 5. Nc3 Bg7 6. Be3 Nf6 7. Nxc6 bxc6 8.
e5 Nd5 9. Nxd5 cxd5 10. Qxd5 Rb8 11. Bd4 O-O 12. f3 Qc7 13. Bd3 Rd8 14. O-O d6
15. Qc4 Qxc4 16. Bxc4 Rb4 17. b3 d5 18. Bc3 Rb8 19. Rad1 Be6 20. Be2 Rbc8 21.
Ba5 Rxc2 22. Rd2 Rxd2 23. Bxd2 Bxe5 24. Rc1 Bd4+ 25. Kf1 Rc8 26. Rxc8+ Bxc8 27.
Bb4 e5 28. a4 f5 29. Bb5 Bb7 30. Bd6 Kf7 31. b4 Ke6 32. Bf8 e4 33. Ke2 Be5 34.
Bc5 a6 35. Bxa6 Bxa6+ 36. b5 Bb7 37. h3 Bd6 38. Bb6 Kd7 39. Bd4 Bc7 40. Bc3 Kd6
41. Bb4+ Ke5 42. a5 Bd6 43. f4+ Ke6 44. Bc3 Bc5 45. a6 Bxa6 46. bxa6 Kd7 47. g4
Kc6 48. h4 fxg4 49. h5 Kb5 50. Bd2 Kxa6 51. Be1 Kb5 52. Kf1 Bd6 53. Bd2 d4 0-1

[Event "HUN Team League Csongrad Region 2019–2"]
[Site "Csongrád County"]
[Date "2019.09.29"]
[Round "1.3"]
[White "Buzas, Andras"]
[Black "Benke, Andras"]
[Result "1/2-1/2"]
[WhiteElo "1723"]
[BlackElo "1759"]
[PlyCount "99"]
[EventDate "2019.09.29"]
[WhiteTeam "Vásárhely"]
[BlackTeam "Üllés"]

1. Nf3 d5 2. b3 c5 3. d3 Nc6 4. Bb2 Bg4 5. Nbd2 d4 6. g3 e5 7. Bg2 Nf6 8. a3
Bd6 9. Ng5 Qd7 10. h3 Bh5 11. Nge4 Nxe4 12. Nxe4 Be7 13. g4 Bg6 14. Ng3 h6 15.
Bf3 f5 16. gxf5 Bxf5 17. Nxf5 Qxf5 18. Bg4 Qf7 19. Bc1 Bh4 20. Bf3 Rf8 21. Rg1
O-O-O 22. Bd2 Rde8 23. Rg4 g5 24. b4 e4 25. dxe4 Ne5 26. Rg2 Nxf3+ 27. exf3
Qxf3 28. Qxf3 Rxf3 29. Rh2 Ref8 30. bxc5 Bxf2+ 31. Ke2 Bg3 32. Rg2 Be5 33. Rh1
Rxa3 34. c6 Rff3 35. cxb7+ Kxb7 36. h4 Bf4 37. c3 Rg3 38. Rxg3 Bxg3 39. hxg5
dxc3 40. Bc1 Ra1 41. gxh6 Be5 42. h7 Kc6 43. Kd1 Bh8 44. Rh5 Ra4 45. Rh6+ Kd7
46. e5 Re4 47. Ra6 Bxe5 48. Rxa7+ Ke6 49. Ba3 Rd4+ 50. Ke2 1/2-1/2

[Event "HUN Team League Csongrad Region 2019–2"]
[Site "Csongrád County"]
[Date "2019.09.29"]
[Round "1.3"]
[White "Gabor, Geza"]
[Black "Bene, Zoltan"]
[Result "1-0"]
[WhiteElo "1568"]
[BlackElo "1686"]
[PlyCount "63"]
[EventDate "2019.09.29"]
[WhiteTeam "Üllés"]
[BlackTeam "Vásárhely"]

1. e4 c5 2. Nf3 d6 3. b4 cxb4 4. a3 Nf6 5. Bb5+ Bd7 6. Qe2 Nc6 7. axb4 Nxb4 8.
Bxd7+ Qxd7 9. Na3 e6 10. c3 Nc6 11. d4 Be7 12. O-O O-O 13. Rd1 Qc8 14. c4 Re8
15. Bg5 h6 16. Bh4 b6 17. Nb5 Qb8 18. e5 dxe5 19. dxe5 Ng4 20. Bg3 h5 21. h3
Nh6 22. Bf4 Nf5 23. g4 hxg4 24. hxg4 Nh4 25. Nxh4 Bxh4 26. g5 f6 27. gxf6 g5
28. f7+ Kxf7 29. Qh5+ Kg7 30. Bxg5 Rh8 31. Rd7+ Ne7 32. Rxe7+ 1-0

[Event "HUN Team League Csongrad Region 2019–2"]
[Site "Csongrád County"]
[Date "2019.09.29"]
[Round "1.4"]
[White "Restas, Peter"]
[Black "Csuri, Laszlo"]
[Result "1-0"]
[WhiteElo "2111"]
[BlackElo "1963"]
[PlyCount "79"]
[EventDate "2019.09.29"]
[WhiteTeam "Makó III."]
[BlackTeam "Röszke"]

1. Nf3 g6 2. c4 Bg7 3. Nc3 Nf6 4. d4 O-O 5. Bg5 c5 6. e3 Na6 7. Be2 d6 8. h3 b6
9. O-O Nc7 10. Rc1 Bb7 11. d5 b5 12. Bxf6 Bxf6 13. cxb5 Bxc3 14. bxc3 Nxd5 15.
c4 Nf6 16. Qb3 Qd7 17. Rfd1 a6 18. a4 Qc7 19. b6 Qc8 20. a5 Ne4 21. Nd2 f5 22.
Nxe4 fxe4 23. Bg4 Rf5 24. Qc2 h5 25. Bxf5 Qxf5 26. f3 Qe5 27. Qc3 Qxc3 28. Rxc3
exf3 29. gxf3 Bxf3 30. Rf1 Bb7 31. Kh2 Kg7 32. Kg3 Rb8 33. h4 Be4 34. Rf4 Bf5
35. e4 Be6 36. Rcf3 Bxc4 37. Rf8 Rb7 38. Ra8 Be2 39. Ra7 Rb8 40. Rxe7+ 1-0

[Event "HUN Team League Csongrad Region 2019–2"]
[Site "Csongrád County"]
[Date "2019.09.29"]
[Round "1.4"]
[White "Retkes, Sandor"]
[Black "Balassy, Gabor"]
[Result "1-0"]
[WhiteElo "1952"]
[BlackElo "1837"]
[PlyCount "67"]
[EventDate "2019.09.29"]
[WhiteTeam "Röszke"]
[BlackTeam "Makó III."]

1. d4 Nf6 2. Bf4 d5 3. Nd2 e6 4. Ngf3 c5 5. e3 Nc6 6. c3 Bd6 7. Ne5 O-O 8. Bd3
Qc7 9. Ndf3 b6 10. Bg3 Ne4 11. Nxc6 Qxc6 12. Ne5 Qc7 13. f3 Nf6 14. Rc1 Nd7 15.
f4 f5 16. O-O Nf6 17. Be1 Bd7 18. c4 Rfd8 19. Rf3 Be8 20. Rh3 Ne4 21. Bh4 Be7
22. Qe1 Qb7 23. g4 cxd4 24. gxf5 exf5 25. cxd5 Rac8 26. Nc6 Bxc6 27. dxc6 Qc7
28. Bc4+ Kh8 29. Be6 Ra8 30. Bxf5 Nf6 31. Qf1 dxe3 32. Bxf6 Bxf6 33. Rxh7+ Kg8
34. Qc4+ 1-0

[Event "HUN Team League Csongrad Region 2019–2"]
[Site "Csongrád County"]
[Date "2019.09.29"]
[Round "1.4"]
[White "Csibor, Andras"]
[Black "Nagy Dani, Karoly"]
[Result "1-0"]
[WhiteElo "1790"]
[BlackElo "1787"]
[PlyCount "65"]
[EventDate "2019.09.29"]
[WhiteTeam "Makó III."]
[BlackTeam "Röszke"]

1. d4 d5 2. c4 e6 3. Nc3 Nf6 4. Bg5 Be7 5. e3 O-O 6. Nf3 c6 7. Bd3 dxc4 8. Bxc4
b5 9. Be2 Bb7 10. O-O Nbd7 11. a3 a5 12. Qc2 Rc8 13. Rac1 Re8 14. Rfd1 Qb6 15.
Ne5 Nxe5 16. dxe5 Nd5 17. Bxe7 Nxc3 18. Qxc3 Rxe7 19. Rd6 Rec7 20. Rcd1 g6 21.
b4 axb4 22. axb4 Ra8 23. Bf3 Rcc8 24. h4 Ra4 25. h5 Kg7 26. Qd2 Qa7 27. e4 h6
28. hxg6 Ra2 29. Qf4 Qxf2+ 30. Kh1 f5 31. exf5 Rc7 32. fxe6 Bc8 33. Qf6+ 1-0

[Event "HUN Team League Csongrad Region 2019–2"]
[Site "Csongrád County"]
[Date "2019.09.29"]
[Round "1.4"]
[White "Bartos, Ferenc"]
[Black "Hajnal, Bence"]
[Result "0-1"]
[WhiteElo "1705"]
[BlackElo "1780"]
[PlyCount "114"]
[EventDate "2019.09.29"]
[WhiteTeam "Röszke"]
[BlackTeam "Makó III."]

1. e4 c6 2. Nc3 e5 3. Nf3 d6 4. Bc4 Nf6 5. O-O Be6 6. Bxe6 fxe6 7. d3 Nbd7 8.
Qe2 Qe7 9. Be3 Rg8 10. h3 h6 11. Rad1 g5 12. Nh2 Qf7 13. g3 O-O-O 14. Kg2 d5
15. exd5 exd5 16. d4 e4 17. f3 Qe6 18. f4 gxf4 19. Bxf4 Bd6 20. Bxd6 Qxd6 21.
Qe3 Rg6 22. Ne2 Rdg8 23. Kf2 Nh5 24. Rg1 Rf6+ 25. Ke1 Qb4+ 26. Qc3 Qxc3+ 27.
bxc3 Nb6 28. Ng4 Rf3 29. Ne5 Rff8 30. Kd2 Nd7 31. Nxd7 Kxd7 32. Rdf1 Ke7 33.
Ke1 Rf3 34. g4 Nf6 35. Rxf3 exf3 36. Ng3 Ne4 37. Nxe4 dxe4 38. Kf2 Kf6 39. Re1
Re8 40. Kg3 b5 41. Rf1 Ke6 42. Re1 Kd5 43. h4 Rf8 44. Kf2 Rf4 45. Rg1 Ke6 46.
h5 Kf6 47. g5+ hxg5 48. Rh1 Rh4 49. Re1 Kf5 50. a4 a6 51. axb5 axb5 52. Kg3
Rg4+ 53. Kh3 f2 54. Rf1 e3 55. h6 Rg1 56. h7 Rxf1 57. Kh2 Rh1+ 0-1

[Event "HUN Team League Csongrad Region 2019–2"]
[Site "Csongrád County"]
[Date "2019.09.29"]
[Round "1.4"]
[White "Jakso, Abel"]
[Black "Ver, Imre"]
[Result "0-1"]
[WhiteElo "1531"]
[BlackElo "1704"]
[PlyCount "72"]
[EventDate "2019.09.29"]
[WhiteTeam "Makó III."]
[BlackTeam "Röszke"]

1. d4 Nf6 2. Nf3 e6 3. Bf4 b6 4. c3 Bb7 5. e3 d5 6. Be2 Nbd7 7. h3 Bd6 8. Bxd6
cxd6 9. O-O O-O 10. Nbd2 Ne4 11. Bd3 e5 12. dxe5 dxe5 13. Bxe4 dxe4 14. Ne1 Qc7
15. Qe2 Nc5 16. c4 Rad8 17. Rd1 Nd3 18. Nb1 Qxc4 19. b3 Qc6 20. f3 Ba6 21. Qd2
Qa8 22. Nxd3 Bxd3 23. Qc3 Bxf1 24. Rxf1 Qd5 25. Qc7 Rd7 26. Qc2 exf3 27. gxf3
Qd3 28. Qf2 Rfd8 29. Na3 Qf5 30. Nc4 b5 31. e4 Qg6+ 32. Kh1 bxc4 33. Qh4 cxb3
34. axb3 Qf6 35. Qg4 Qf4 36. Qh5 Rd2 0-1